000
00275nam a22001217a 4500
082
_a
823
_b
HAR/T
100
_a
HARKER, JIL
245
_a
TOOT LEARNS TO FLY
260
_a
UNITED KINGDOM
_b
LADY BIRD BOOKS
300
_a
15
650
_a
ENGLISH STORY
_z
UNITED KINGDOM
942
_c
BK
999
_c
7554
_d
7554